00278nam a22001097a 4500020001800000040000900018082001700027100002000044245003400064260003600098650003400134 a9780071155762 cNust a621.815bULL aDavid G. Ullman aThe mechanical design process aNew York:bMcGraw -Hill,c1997. aThe mechanical design process